000 00433nam a2200157 a 4500
001 000037787
005 20211021125227.0
008 130306s1994 dr 000 0 spa d
020 _a84000044
040 _aDO-SdBNP
_bspa
_cBNPHU
100 1 _aMarrero Aristy, Ramón,
_d1913-1959
_922324
245 1 0 _aOver /
_cMarrero Aristy, Ramón.
250 _a17a ed.
260 _aSanto Domingo :
_bTaller ,
_c1994.
300 _a224 p. ;
_c20 cm.
999 _c37277
_d37277